000 00879nam a22002177a 4500
999 _c17051
_d17051
005 20251125232851.0
008 s2536 th tha d
040 _aNALT
041 _atha
245 1 0 _aรวมกฎหมายนิรโทษกรรม
260 3 _aกรุงเทพฯ :
_bหอสมุดรัฐสภา สำนักงานเลขาธิการสภาผู้แทนราษฎร,
_c2536
300 _a55 หน้า ;
_b 29 ซม.
650 0 4 _aนิรโทษกรรม
650 0 4 _aนิรโทษกรรม (พ.ร.ก.)
650 0 4 _aนิรโทษกรรม (พ.ร.บ.)
850 _aNALT
856 4 0 _uhttps://hdl.handle.net/20.500.14156/474615
942 _cLB
_2lcc
998 _j25
_k นีลวัสน์ อินทรักษา
090 _aKG201 ส226ร 2536